[Event "Muensterland Verbandsliga 1314"]
[Site "Germany"]
[Date "2013.09.07"]
[Round "1.7"]
[White "Teriete, Joachim"]
[Black "Glotzbach, Thomas"]
[Result "1/2-1/2"]
[WhiteElo "1559"]
[BlackElo "1730"]
[PlyCount "81"]
[EventDate "2013.09.07"]
[EventType "team-tourn"]
[EventRounds "9"]
[EventCountry "GER"]
[SourceTitle "EXT 2015"]
[Source "ChessBase"]
[SourceDate "2014.11.20"]
[SourceVersion "1"]
[SourceVersionDate "2014.11.20"]
[SourceQuality "1"]
[WhiteTeam "Ostbevern Westbevern"]
[BlackTeam "Muenster Indische Dame"]
[WhiteTeamCountry "GER"]
[BlackTeamCountry "GER"]

1. d4 Nf6 2. c4 e6 3. Nc3 c5 4. e3 d5 5. Nf3 Nc6 6. b3 cxd4 7. exd4 Bb4 8. Bd2 0-0 9. a3 Be7 10. c5 Ne4 11. Bd3 f5 12. 0-0 Bf6 13. Ne2 e5 14. dxe5 Nxe5 15. Nxe5 Bxe5 16. Rc1 Bb2 17. Rc2 Bxa3 18. b4 a5 19. Ra2 Nxd2 20. Qxd2 Bxb4 21. Qc2 Bd7 22. Nf4 Rc8 23. Nxd5 Rxc5 24. Bc4 Kh8 25. Nxb4 b5 26. Qb2 Rxc4 27. Nc2 Bc6 28. Ne3 Re4 29. Qc3 Qf6 30. Qxa5 f4 31. Ng4 Qe6 32. f3 Ra4 33. Rxa4 bxa4 34. Qc5 Rf5 35. Qc3 h5 36. Re1 Qg6 37. Ne5 Qf6 38. Qxc6 Rxe5 39. Qa8+ Kh7 40. Rb1 Qh4 41. Rf1 1/2-1/2

[Event "Muensterland Verbandsklasse-A 1112"]
[Site "Germany"]
[Date "2012.03.10"]
[Round "7.3"]
[White "Steffens, Gerd"]
[Black "Teriete, Joachim"]
[Result "1-0"]
[WhiteElo "1812"]
[BlackElo "1624"]
[PlyCount "59"]
[EventDate "2011.09.17"]
[EventType "team-tourn"]
[EventRounds "9"]
[EventCountry "GER"]
[SourceTitle "EXT 2013"]
[Source "ChessBase"]
[SourceDate "2012.11.22"]
[SourceVersion "1"]
[SourceVersionDate "2012.11.22"]
[SourceQuality "1"]
[WhiteTeam "Olfen"]
[BlackTeam "Ostbevern Westbevern II"]
[WhiteTeamCountry "GER"]
[BlackTeamCountry "GER"]

1. e4 e5 2. Bc4 d6 3. d3 Nf6 4. Nc3 Nc6 5. a3 a5 6. Nge2 Be6 7. Bb5 Bd7 8. f4 g6 9. 0-0 Bg7 10. Bc4 Be6 11. Bb5 Bd7 12. Qe1 Nd4 13. Bxd7+ Qxd7 14. Nxd4 exd4 15. Ne2 c5 16. Bd2 a4 17. c3 Qb5 18. cxd4 Qxd3 19. dxc5 Nxe4 20. Nc3 Bd4+ 21. Kh1 f5 22. Nxe4 fxe4 23. cxd6 Kd7 24. Bb4 e3 25. Qh4 Rae8 26. Rfd1 Qe4 27. Rac1 Bb6 28. Qf6 Qe6 29. Qg7+ Kd8 30. d7 1-0

[Event "Muensterland Verbandsklasse-A 1112"]
[Site "Germany"]
[Date "2011.11.12"]
[Round "3.4"]
[White "Teriete, Joachim"]
[Black "Luecke, Thomas"]
[Result "0-1"]
[WhiteElo "1624"]
[BlackElo "1883"]
[PlyCount "130"]
[EventDate "2011.09.17"]
[EventType "team-tourn"]
[EventRounds "9"]
[EventCountry "GER"]
[SourceTitle "EXT 2013"]
[Source "ChessBase"]
[SourceDate "2012.11.22"]
[SourceVersion "1"]
[SourceVersionDate "2012.11.22"]
[SourceQuality "1"]
[WhiteTeam "Ostbevern Westbevern II"]
[BlackTeam "Emsdetten Rochade"]
[WhiteTeamCountry "GER"]
[BlackTeamCountry "GER"]

1. d4 Nf6 2. c4 g6 3. Nc3 d5 4. e3 Bg7 5. Nf3 0-0 6. b3 c5 7. Bb2 Bg4 8. Be2 Nc6 9. h3 Bf5 10. 0-0 cxd4 11. exd4 dxc4 12. bxc4 Ne4 13. Nd5 Nd6 14. Re1 Be4 15. Ne3 Nf5 16. Nxf5 Bxf5 17. Qb3 Qc7 18. d5 Na5 19. Qb4 Bxb2 20. Qxb2 Rfe8 21. Rac1 b6 22. Nd4 Bd7 23. Qb4 Nb7 24. Bf3 Qd6 25. Qd2 Rac8 26. Qg5 Kg7 27. h4 Qf6 28. Qxf6+ Kxf6 29. g4 Nd6 30. g5+ Kg7 31. Be2 Rc7 32. Bd3 Kf8 33. Rc2 Rec8 34. Rec1 Ba4 35. Rc3 Bd7 36. f3 Nb7 37. Kf2 b5 38. Ne2 Nc5 39. Ke3 Nxd3 40. Kxd3 Rxc4 41. Kd2 Rxc3 42. Nxc3 Rc4 43. Rh1 b4 44. Ne2 Bf5 45. Ke3 Rc2 46. Ra1 a5 47. Nd4 Rc3+ 48. Ke2 a4 49. Rd1 Bc2 50. Rd2 b3 51. axb3 axb3 52. Nb5 Rc4 53. Na3 b2 54. d6 exd6 55. Rxd6 Ra4 56. Rb6 Rxa3 57. Rxb2 Bf5 58. Rb8+ Ke7 59. Rh8 Ra2+ 60. Ke3 h5 61. gxh6 Rh2 62. Kf4 Rxh4+ 63. Kg5 Rh5+ 64. Kf4 Kf6 65. Rh7 g5+ 0-1

[Event "Muensterland Verbandsklasse-A 1112"]
[Site "Germany"]
[Date "2011.10.08"]
[Round "2.3"]
[White "Teriete, Joachim"]
[Black "Bueckers, Bernhard"]
[Result "0-1"]
[WhiteElo "1624"]
[BlackElo "1763"]
[PlyCount "148"]
[EventDate "2011.09.17"]
[EventType "team-tourn"]
[EventRounds "9"]
[EventCountry "GER"]
[SourceTitle "EXT 2013"]
[Source "ChessBase"]
[SourceDate "2012.11.22"]
[SourceVersion "1"]
[SourceVersionDate "2012.11.22"]
[SourceQuality "1"]
[WhiteTeam "Ostbevern Westbevern II"]
[BlackTeam "Metelen"]
[WhiteTeamCountry "GER"]
[BlackTeamCountry "GER"]

1. d4 d5 2. e3 Nf6 3. c4 e6 4. Nc3 Nbd7 5. b3 c6 6. Bd3 Be7 7. Nf3 0-0 8. 0-0 Re8 9. Re1 Bf8 10. Qc2 g6 11. e4 dxe4 12. Nxe4 Nxe4 13. Bxe4 Bg7 14. Bg5 Qc7 15. Rad1 Nf6 16. Bd3 b6 17. Qd2 Bb7 18. Ne5 c5 19. dxc5 Qxc5 20. Bxf6 Bxf6 21. Nd7 Qg5 22. f4 Qh4 23. Bf1 Bg7 24. Qd6 Rac8 25. g3 Qg4 26. Bg2 Bxg2 27. Kxg2 Qf5 28. Re2 h5 29. h3 Qa5 30. b4 Qa6 31. b5 Qb7+ 32. Kg1 Qf3 33. Rg2 Rxc4 34. Ne5 Qe3+ 35. Kh2 Bxe5 36. fxe5 Rcc8 37. Rf1 Qc5 38. Rgf2 Qxd6 39. exd6 Rf8 40. d7 Rcd8 41. Rd2 f6 42. Rc1 Ra8 43. Rc7 Rfd8 44. Kg2 Kf7 45. Kf3 Ke7 46. Ke4 a6 47. bxa6 Rxa6 48. Rb7 Ra4+ 49. Kf3 Rb4 50. Rd3 Ra4 51. a3 Ra6 52. Ke3 e5 53. Kd2 b5 54. Kc2 Rd6 55. Rxd6 Kxd6 56. Rb6+ Ke7 57. Rxb5 Rxd7 58. a4 Ra7 59. a5 Ke6 60. Rb6+ Kf5 61. a6 e4 62. Kd2 Kg5 63. Ke3 f5 64. Rd6 Rc7 65. h4+ Kh6 66. Kf4 Rc3 67. a7 Rf3+ 68. Ke5 Ra3 69. Rd7 e3 70. Kf6 e2 71. Re7 Ra6+ 72. Kf7 Rxa7 73. Rxa7 e1Q 74. Ra8 Qe5 0-1

[Event "Muensterland Verbandsklasse-B 0405"]
[Site "Muensterland"]
[Date "2005.04.23"]
[Round "9.8"]
[White "Jahnke, Bernd"]
[Black "Teriete, Joachim"]
[Result "1-0"]
[WhiteElo "1801"]
[BlackElo "1623"]
[PlyCount "82"]
[EventDate "2004.09.11"]
[EventType "team"]
[EventRounds "9"]
[EventCountry "GER"]
[SourceTitle "EXT 2006"]
[Source "ChessBase"]
[SourceDate "2005.11.24"]
[SourceVersion "1"]
[SourceVersionDate "2005.11.24"]
[SourceQuality "1"]
[WhiteTeam "Muenster IV"]
[BlackTeam "Westbevern II"]
[WhiteTeamCountry "GER"]
[BlackTeamCountry "GER"]

1. Nc3 e6 2. d4 d5 3. e4 dxe4 4. Nxe4 Nc6 5. c3 Nf6 6. Ng5 h6 7. N5f3 b6 8. Bb5 Bd7 9. Ne2 Bd6 10. Ng3 a6 11. Bd3 Ne7 12. Qe2 a5 13. Ne5 Bxe5 14. dxe5 Nfd5 15. 0-0 Nf5 16. Nxf5 exf5 17. Qf3 Ne7 18. Be3 Bc6 19. Qe2 Qd5 20. f3 Qxe5 21. Qf2 0-0 22. Bd4 Qd6 23. Rfe1 Rfe8 24. Rad1 Qg6 25. Be5 Nd5 26. Bc4 Rad8 27. Bxd5 Rxd5 28. Rxd5 Bxd5 29. Bxc7 Rxe1+ 30. Qxe1 Bxf3 31. Qf2 Bd5 32. b3 f4 33. h3 f3 34. g3 Qb1+ 35. Kh2 b5 36. Bxa5 Qd1 37. Bb6 Be4 38. Bd4 Bd3 39. Be3 Be2 40. b4 Qa1 41. Bd4 Qxa2 1-0